| 000 | 00970nam a22001817a 4500 | ||
|---|---|---|---|
| 008 | 231018s2023 xxk|||||o|||| 00| 0 eng d | ||
| 041 | _aeng | ||
| 245 | _aConsumer guide to buying and selling residential property | ||
| 260 |
_aBelfast, _bLaw Society of Northern Ireland, _c14 October 2023 |
||
| 300 | _a5p. | ||
| 520 | _aA Law Society of Northern Ireland consumer guide to buying and selling residential property provides information, explanations, and tips to help those involved in the conveyancing process. It includes information on new build properties, apartments, leases, fraud, mortgages and why it is important to consult with an experienced solicitor. | ||
| 650 | _aCONVEYANCING | ||
| 650 | _aRESIDENTIAL PROPERTY | ||
| 651 | _aNorthern Ireland | ||
| 690 |
_96266 _aResidential property |
||
| 856 |
_uhttps://www.lawsoc-ni.org/DatabaseDocs/new_733384__conveyancing_consumer_leafletnon_conference_version.pdf _zAvailable free on RICS.org |
||
| 942 | _n0 | ||
| 999 |
_c121680 _d121680 |
||